书目信息 |
| 题名: |
循环荷载作用下海相软土力学强度与变形特性
|
|
| 作者: | 武科 , 于峰 , 张廷 , 陆海军 著 | |
| 分册: | ||
| 出版信息: | 北京 中国建筑工业出版社 2024.11 |
|
| 页数: | 102页 | |
| 开本: | 26cm | |
| 丛书名: | ||
| 单 册: | ||
| 中图分类: | TU43 , TU447 | |
| 科图分类: | ||
| 主题词: | 海相--hai xiang--软土--土力学--研究 | |
| 电子资源: | ||
| ISBN: | 978-7-112-30319-9 | |
| 000 | 01568nam0 2200313 450 | |
| 001 | 90281 | |
| 005 | 20250815154716.97 | |
| 010 | @a978-7-112-30319-9@dCNY48.00 | |
| 100 | @a20241224d2024 em y0chiy50 ea | |
| 101 | 0 | @achi |
| 102 | @aCN@b110000 | |
| 105 | @aa a 000yy | |
| 106 | @ar | |
| 200 | 1 | @a循环荷载作用下海相软土力学强度与变形特性@Axun huan he zai zuo yong xia hai xiang ruan tu li xue qiang du yu bian xing te xing@d= Mechanical strength and deformation characteristics of marine soft soil under cyclic loading@f武科 ... [等] 著@zeng |
| 210 | @a北京@c中国建筑工业出版社@d2024.11 | |
| 215 | @a102页@c图@d26cm | |
| 304 | @a题名页题其余责任者: 于峰, 张廷, 陆海军 | |
| 320 | @a有书目 (第99-102页) | |
| 330 | @a本书主要阐述了以下3方面的内容: (1) 通过动三轴室内试验, 研究海相软土的动力特性。 (2) 通过带入Monismith经典模型, 考虑了不同围压和含水率作用下海相软土累计变形的发展趋势, 通过引入Monismith经典模型来描述海相软土的累积塑性应变, 结果表明经典模型能够很好的预测文中海相软土的累积塑性应变的发展规律。 (3) 利用颗粒流软件对动三轴试验进行数值模拟, 将数值模拟结果与试验数据进行对比分析验证模拟的准确性, 并对土体细观特性进行分析。 | |
| 510 | 1 | @aMechanical strength and deformation characteristics of marine soft soil under cyclic loading@zeng |
| 606 | 0 | @a海相@Ahai xiang@x软土@x土力学@x研究 |
| 690 | @aTU43@v5 | |
| 690 | @aTU447@v5 | |
| 701 | 0 | @a武科@Awu ke@4著 |
| 701 | 0 | @a于峰@Ayu feng@4著 |
| 701 | 0 | @a张廷@Azhang ting@4著 |
| 701 | 0 | @a陆海军@Alu hai jun@4著 |
| 801 | 0 | @aCN@c20250909 |
| 905 | @a河南城建学院图书馆@dTU43@eW983@f1 | |
| 循环荷载作用下海相软土力学强度与变形特性= Mechanical strength and deformation characteristics of marine soft soil under cyclic loading/武科 ... [等] 著.-北京:中国建筑工业出版社,2024.11 |
| 102页:图;26cm |
| ISBN 978-7-112-30319-9:CNY48.00 |
| 本书主要阐述了以下3方面的内容: (1) 通过动三轴室内试验, 研究海相软土的动力特性。 (2) 通过带入Monismith经典模型, 考虑了不同围压和含水率作用下海相软土累计变形的发展趋势, 通过引入Monismith经典模型来描述海相软土的累积塑性应变, 结果表明经典模型能够很好的预测文中海相软土的累积塑性应变的发展规律。 (3) 利用颗粒流软件对动三轴试验进行数值模拟, 将数值模拟结果与试验数据进行对比分析验证模拟的准确性, 并对土体细观特性进行分析。 |
| ● |
| 相关链接 |
|
|
|
正题名:循环荷载作用下海相软土力学强度与变形特性
索取号:TU43/W983
 
预约/预借
| 序号 | 登录号 | 条形码 | 馆藏地/架位号 | 状态 | 备注 |
| 1 | 1624243 | 216242439 | 建筑库101/101建筑库 95排1列5层/ [索取号:TU43/W983] | 在馆 |